000 00510nam a2200217Ia 4500
003 0100
008 130307s9999 xx 000 0 und d
040 _cARRUPELIB
050 _aHG2035.B68 1951
100 _aBoyle, George
245 4 _aThe poor man's prayer
245 _bthe story of credit union beginnings
260 _aNew York
260 _bHarper & Brothers
260 _c1951
300 _a207p.
300 _b23 cm.
650 _bAfrica
650 _cAfrica - Civilization
942 0 0 _01
999 _c100440
_d100440